000 00653cab a2200241 4500
001 WB2908-18
008 090401t1993 xxu||||| |||| 00| 0 eng d
035 _a(Sirsi) u59162
041 _aeng
245 _aRICS opens Brussels office
260 _c1993
350 _a0
490 _aRICS Press Release
_v(PR43/93) 19 February 1993 (2)
520 _aThe RICS has opened an office in Brussels. The objectives are noted.
650 _aABOUT RICS-RICS MEMBERS
650 _aEC LAWS
650 _aEUROPEAN COMMUNITY
650 _aPAN-EUROPE MOVEMENT
650 _aRICS
690 _aEUROPE-SINGLE MARKET
942 _n0
948 _c04/03/1997
999 _c36257
_d36257